| 000 | 01094nam a22002537a 4500 | ||
|---|---|---|---|
| 005 | 20250314150218.0 | ||
| 008 | s2532 th tha d | ||
| 020 | _a9740756328 | ||
| 041 | _atha | ||
| 050 | _aDS777 ซ7 2532 | ||
| 100 | 0 | _aซุนยัดเซ็น | |
| 245 | 1 | 0 | _aลัทธิไตรประชาและรัฐธรรมนูญ 5 อำนาจของ ดร.ซุนยัตเซ็น [2nd] |
| 260 | 3 |
_aกรุงเทพฯ : _bไทยวัฒนาพานิช, _c2532 |
|
| 300 |
_a169 หน้า : _b ภาพประกอบ, แผนภูมิ ; _c 25 ซม. |
||
| 650 | 0 | 4 | _aจีน -- การเมืองและการปกครอง |
| 650 | 0 | 4 | _aซุนยัตเซ็น -- ผลงาน |
| 650 | 0 | 4 | _aรัฐธรรมนูญ -- จีน |
| 650 | 0 | 4 | _aลัทธิไตรราษฎร์ |
| 700 | 0 | _aซุนยัดเซ็น | |
| 850 | _aNALT | ||
| 942 |
_cGB _02 |
||
| 997 | _c000000000004413 | ||
| 999 |
_c4413 _d4413 |
||
| 998 |
_j8 _k นายบัณฑิต อุทาวงค์ |
||